| 000 | 00468nam a2200169 a 4500 | ||
|---|---|---|---|
| 005 | 20140414131934.0 | ||
| 008 | 110112s19uu xx 00 eng d | ||
| 050 |
_aREF 609 _bB43 2000 |
||
| 100 | _aBender, Lionel | ||
| 245 |
_aInvention / _cwritten by Lionel Bender. |
||
| 250 | _a1st American ed. | ||
| 260 |
_aNew York : _bDorling Kindersley, _c2000. |
||
| 440 | _aEyewitness books | ||
| 520 | _a | ||
| 650 |
_aInventions _xJuvenile literature |
||
| 999 |
_c112353 _d112353 |
||